000 00508nam a2200193Ia 4500
005 20250326141741.0
008 250326s9999 xx 000 0 und d
020 _a81-7041-210-2
037 _aTextbook
040 _aFMSL
_beng
_cFMSL
041 _aeng
_2eng
084 _aX:9 M9
_qFMSL
100 _aWani A R
_9745004
245 0 _aHuman resource management
_cWani A R
260 _aNew Delhi
_bNew Delhi, Anmol
_c1989
300 _a177p
942 _cTB
_hX:9 M9
999 _c1291790
_d1291790